000 00440nam a2200181Ia 4500
005 20250423100019.0
008 250422s9999 xx 000 0 und d
020 _a9783379824
050 _aP 53 .O43/
100 _aOlaoye, Anthony Ayodele
245 0 _aLinguistics in language education
260 _aAbuja
260 _bOgunleye Commercial Printing Press
260 _c2009
300 _a305 p
650 _aEnglish
942 _cBK
999 _c32024
_d32024